000 00694 a2200229 4500
999 _c6584
_d6584
020 _a9781868913787
050 _aQT104BUC2006
100 _aBuckle , Mariaan
_eauthor
245 _aPhysiology:
_bX-Kit undergraduate /
_cMariaan Buckle[et...al]
264 _aCape Town :
_bPearson Maskew Miller Longman,
_c2006
300 _a280p. :
440 _aX-kit undergraduate.
500 _aincludes index
650 _aphysiology
700 _aDe Wet Strauss
_eauthor
700 _aEngelbrecht Anna-Mart
_eauthor
700 _aWesso Iona Ismail
_eauthor
700 _aKnight Anette
_eauthor
700 _aMattheyse Mary
_eauthor
700 _aHewett Gwen
_eauthor
942 _2lcc
_cBK
_h104
_iBUC
_kQT